Súčasný stav a tendencie vývoja harmonizácie daní v Európskej únii daňová konkurencia - áno či nie?

Uložené v:
Podrobná bibliografia
Hlavný autor: Solík, Ján
Médium: Kniha
Jazyk:Slovak
Vydavateľské údaje: Bratislava Nadácia F. A. Hayeka 2007
Predmet:
Tagy: Pridať tag
Žiadne tagy, Buďte prvý, kto otaguje tento záznam!

MARC

LEADER 00000nam$a2200000$$$4500
001 0069232
005 20240502071833.9
020 |a 978-80-969833-0-8 
041 0 |a slo 
044 |a SK 
245 1 0 |a Súčasný stav a tendencie vývoja harmonizácie daní v Európskej únii  |b daňová konkurencia - áno či nie?  |c Ján Solík 
264 1 |a Bratislava  |b Nadácia F. A. Hayeka  |c 2007 
300 |a 203 s. 
610 2 0 |a dane 
610 2 0 |a harmonizácia 
610 2 0 |a systémy daňové 
610 2 0 |a Európska únia 
100 1 |a Solík, Ján